Capital : a critique of political economy ; volume 1 /
| Main Author: | |
|---|---|
| Other Authors: | , |
| Format: | Book |
| Language: | English |
| Published: |
London ; New York, N.Y. :
Penguin Books in association with New Left Review,
<1981-1990 >
|
| Series: | Penguin classics.
Pelican Marx library. |
| Subjects: | |
| Online Access: | Publisher description Table of contents only Contributor biographical information |
| Classic Catalogue: | View this record in Classic Catalogue |
| LEADER | 01779nam a2200433 a 4500 | ||
|---|---|---|---|
| 001 | 29338 | ||
| 003 | BD-DhAAL | ||
| 005 | 20150604123122.0 | ||
| 008 | 150604m19819999enk b 001 0 eng | ||
| 010 | |a 82188249 | ||
| 020 | |a 0140445684 | ||
| 020 | |a 9780140445688 | ||
| 040 | |a DLC |c DLC |d DLC |d BD-DhAAL | ||
| 041 | 1 | |a engger | |
| 050 | 0 | 0 | |a HB501 |b .M36 1981 |
| 082 | 0 | 0 | |a 335.41 |2 19 |
| 100 | 1 | |a Marx, Karl, |d 1818-1883. |9 6301 | |
| 240 | 1 | 0 | |a Kapital. |l English |
| 245 | 1 | 0 | |a Capital : |b a critique of political economy ; volume 1 / |c Karl Marx ; introduced by Ernest Mandel ; translated by Ben Fowkes. |
| 260 | |a London ; |a New York, N.Y. : |b Penguin Books in association with New Left Review, |c <1981-1990 > | ||
| 300 | |a 1141 p. ; |c 20 cm. | ||
| 490 | 1 | |a v. 1: Penguin classics | |
| 490 | 1 | |a v. 3: The Pelican Marx library | |
| 500 | |a Translation of: Das Kapital. | ||
| 500 | |a Vol. <3 > translated by David Fernbach. | ||
| 504 | |a Includes bibliographies and indexes. | ||
| 541 | |e 29338 | ||
| 650 | 0 | |a Capital. |9 11670 | |
| 650 | 0 | |a Economics. |9 11671 | |
| 700 | 1 | |a Fowkes, Ben. |9 11672 | |
| 700 | 1 | |a Fernbach, David. |9 11673 | |
| 830 | 0 | |a Penguin classics. |9 11674 | |
| 830 | 0 | |a Pelican Marx library. |9 11675 | |
| 856 | 4 | 2 | |3 Publisher description |u http://www.loc.gov/catdir/enhancements/fy1206/82188249-d.html |
| 856 | 4 | 1 | |3 Table of contents only |u http://www.loc.gov/catdir/enhancements/fy1206/82188249-t.html |
| 856 | 4 | 2 | |3 Contributor biographical information |u http://www.loc.gov/catdir/enhancements/fy1505/82188249-b.html |
| 942 | |2 ddc |c BK | ||
| 999 | |c 34600 |d 34600 | ||
| 952 | |0 0 |1 0 |2 ddc |4 0 |6 335_410000000000000_MAR |7 0 |9 54036 |a BRACUL |b BRACUL |c GEN |d 2015-06-04 |e Karim International |l 10 |m 24 |o 335.41 MAR |p 3010029338 |r 2025-11-09 |s 2025-11-06 |t 1 |w 2015-06-04 |y BK | ||